Landmarks (US edition) - Statistics

General Stats
  • This quiz has been taken 66 times
  • The average score is 16 of 21
Answers on the Grid
Answers color-coded by a green-red scale on the quiz's grid according to % correct below.
Statue of Liberty
Copacabana Beach
Big Ben
Gateway Arch
Golden Gate Bridge
Chichen Itza
Mt Rushmore
Christ the Redeemer
Alcatraz
Denali
Aconcagua
Kilimanjaro
Niagara Falls (NY)
CN Tower
Galapagos islands
Brandenburg Gate
Yankee Stadium
Everglades
Old Trafford
Arc De Triomphe
Washington monument
Mt Washington
Xian terracotta warriors
Mt Fuji
Yellowstone
Mauna Kea
Easter island
the Shard
Hallgrimskirkja
Dry Tortugas Park
Lincoln memorial
Disney World
Stonehenge
Tokyo Tower
Petronas Towers
Cape Hatteras lighthouse
Pearl Harbor memorial
Alamo
Fenway Park
Grand Canyon
 
Answer Stats
Answer % Correct
Statue of Liberty
100%
Golden Gate Bridge
94%
Mt Rushmore
90%
Yellowstone
88%
Grand Canyon
86%
Pearl Harbor memorial
86%
Niagara Falls (NY)
84%
Washington monument
84%
Alcatraz
82%
Lincoln memorial
82%
Yankee Stadium
82%
Fenway Park
80%
Alamo
78%
Disney World
78%
Everglades
78%
Gateway Arch
78%
Mt Washington
68%
Denali
60%
Cape Hatteras lighthouse
54%
Mauna Kea
44%
Dry Tortugas Park
36%
No matching quizzes found
Score Distribution
Percent of People with Each Score
Percentile by Number Answered
Your Score History
You have not taken this quiz